[Event "Vilnius Zavanelli Memorial op-B"]
[Site "Vilnius"]
[Date "2018.10.26"]
[Round "3"]
[White "Kozhakin, Michail"]
[Black "Poska, Karolis"]
[Result "0-1"]
[WhiteElo "1423"]
[BlackElo "1942"]
[PlyCount "45"]
[EventDate "2018.10.25"]
[EventType "swiss"]
[EventRounds "7"]
[EventCountry "LTU"]
[SourceTitle "CBM 187 Extra"]
[Source "ChessBase"]
[SourceDate "2018.11.04"]
[SourceVersion "1"]
[SourceVersionDate "2018.11.04"]
[SourceQuality "1"]

1. c4 c5 2. Nc3 Nc6 3. Nf3 g6 4. e3 Bg7 5. d4 cxd4 6. exd4 d6 7. Be2 Nf6 8. d5 Nb8 9. 0-0 0-0 10. h3 Na6 11. Nd2 Nc5 12. Nb3 Nce4 13. Nxe4 Nxe4 14. Bf3 Nf6 15. Re1 Nd7 16. Bg5 Ne5 17. Be2 h6 18. Be3 Nd7 19. Qd2 Kh7 20. Nd4 a5 21. b3 Nc5 22. Rad1 Bd7 23. Bf3 0-1

[Event "LTU-ch sf"]
[Site "Klaipeda"]
[Date "2018.10.14"]
[Round "7"]
[White "Kozhakin, Michail"]
[Black "Jankus, Giedrius"]
[Result "1-0"]
[WhiteElo "1423"]
[BlackElo "1824"]
[PlyCount "45"]
[EventDate "2018.09.23"]
[EventType "swiss"]
[EventRounds "9"]
[EventCountry "LTU"]
[SourceTitle "CBM 187 Extra"]
[Source "ChessBase"]
[SourceDate "2018.11.04"]
[SourceVersion "1"]
[SourceVersionDate "2018.11.04"]
[SourceQuality "1"]

1. c4 c6 2. d4 Nf6 3. Nf3 e6 4. e3 d5 5. Bd3 Bd6 6. Nc3 Nbd7 7. e4 dxe4 8. Nxe4 Nxe4 9. Bxe4 Nf6 10. Bc2 Bb4+ 11. Bd2 Qa5 12. 0-0 Bxd2 13. Nxd2 0-0 14. Qe2 b6 15. Ne4 Bb7 16. Nxf6+ gxf6 17. d5 cxd5 18. Qg4+ Kh8 19. Qh4 f5 20. Qf6+ Kg8 21. a4 dxc4 22. Ra3 f4 23. Bxh7+ 1-0

[Event "LTU-ch sf"]
[Site "Klaipeda"]
[Date "2018.10.07"]
[Round "5"]
[White "Saunoriute, Milda"]
[Black "Kozhakin, Michail"]
[Result "0-1"]
[WhiteElo "1589"]
[BlackElo "1423"]
[PlyCount "56"]
[EventDate "2018.09.23"]
[EventType "swiss"]
[EventRounds "9"]
[EventCountry "LTU"]
[SourceTitle "CBM 187 Extra"]
[Source "ChessBase"]
[SourceDate "2018.11.04"]
[SourceVersion "1"]
[SourceVersionDate "2018.11.04"]
[SourceQuality "1"]

1. e4 e6 2. d4 d5 3. Nc3 Nf6 4. Bg5 Be7 5. e5 Nfd7 6. Bxe7 Qxe7 7. f4 a6 8. Nf3 c5 9. Be2 Nc6 10. dxc5 Qxc5 11. Qd2 b5 12. a3 0-0 13. Qd3 h6 14. g4 b4 15. Nd1 f6 16. exf6 Nxf6 17. g5 hxg5 18. Nxg5 bxa3 19. bxa3 Re8 20. Qg6 Re7 21. Bd3 e5 22. Nh7 exf4+ 23. Kd2 Nd7 24. Ng5 Nf8 25. Qh5 g6 26. Bxg6 Qd4+ 27. Bd3 Ne5 28. Nf3 Nc4+ 0-1

[Event "LTU-ch sf"]
[Site "Klaipeda"]
[Date "2018.09.30"]
[Round "3"]
[White "Kozhakin, Michail"]
[Black "Luksas, Jonas"]
[Result "1-0"]
[WhiteElo "1423"]
[BlackElo "1569"]
[PlyCount "56"]
[EventDate "2018.09.23"]
[EventType "swiss"]
[EventRounds "9"]
[EventCountry "LTU"]
[SourceTitle "CBM 187 Extra"]
[Source "ChessBase"]
[SourceDate "2018.11.04"]
[SourceVersion "1"]
[SourceVersionDate "2018.11.04"]
[SourceQuality "1"]

1. c4 e6 2. Nc3 Nf6 3. g3 d5 4. cxd5 exd5 5. d4 Be7 6. Bg2 0-0 7. Nh3 Bxh3 8. Bxh3 c6 9. 0-0 Re8 10. Re1 Nbd7 11. a3 Bd6 12. e3 Nf8 13. Bg2 Ng6 14. b4 a6 15. Bb2 Qd7 16. e4 dxe4 17. Nxe4 Nxe4 18. Bxe4 f5 19. Qb3+ Kh8 20. Bg2 Rxe1+ 21. Rxe1 Re8 22. Rxe8+ Qxe8 23. d5 Qe1+ 24. Bf1 Qe4 25. dxc6 Ne5 26. Bxe5 Qxe5 27. cxb7 f4 28. Qf7 fxg3 1-0

[Event "Klaipeda Sea op-B 15th"]
[Site "Klaipeda"]
[Date "2018.07.27"]
[Round "7"]
[White "Dudnikas, Motiejus"]
[Black "Kozhakin, Michail"]
[Result "1/2-1/2"]
[WhiteElo "1343"]
[BlackElo "1283"]
[PlyCount "152"]
[EventDate "2018.07.24"]
[EventType "swiss"]
[EventRounds "7"]
[EventCountry "LTU"]
[SourceTitle "EXT 2019"]
[Source "ChessBase"]
[SourceDate "2018.10.10"]
[SourceVersion "1"]
[SourceVersionDate "2018.10.10"]
[SourceQuality "1"]

1. e4 c6 2. d4 d5 3. exd5 cxd5 4. Bd3 Nc6 5. c3 Nf6 6. h3 Qc7 7. Nf3 h6 8. Be3 e6 9. Nbd2 Bd6 10. Qc2 0-0 11. 0-0 b6 12. Rfe1 Bb7 13. Rac1 Rac8 14. Qb1 Qb8 15. Kh1 Qc7 16. Nb3 Rfd8 17. Re2 Ne4 18. Rce1 Ne7 19. Nbd2 f5 20. Nb3 f4 21. Bc1 Bc6 22. Nbd2 Nxd2 23. Bxd2 Bd7 24. Ba6 Rb8 25. Bd3 Rbc8 26. Qc2 Rf8 27. Qb1 g5 28. Nh2 Kg7 29. Bc1 Ra8 30. Bd2 Rac8 31. Bc1 Ra8 32. Qc2 Qc8 33. Qd1 Nf5 34. Qc2 Nh4 35. Bh7 Qe8 36. f3 h5 37. Kg1 Ng6 38. Bxg6 Qxg6 39. Qxg6+ Kxg6 40. b3 b5 41. Bb2 a5 42. Rc2 a4 43. b4 Rab8 44. Rce2 Rbc8 45. Rc1 Kf7 46. a3 Ke7 47. Rce1 Kf7 48. Rc1 Rfe8 49. Rce1 Re7 50. Nf1 Rce8 51. c4 bxc4 52. Bc3 Bc7 53. Nh2 e5 54. dxe5 Bb6+ 55. Kh1 d4 56. Ba1 d3 57. Re4 Bc6 58. Rxc4 Bb5 59. Rce4 d2 60. Rd1 Bd3 61. e6+ Kf8 62. Re5 Be3 63. Bc3 Be2 64. Rf5+ Kg8 65. Rxg5+ Kh7 66. Rxd2 Bxd2 67. Bxd2 Rxe6 68. Bxf4 Rd8 69. Rxh5+ Kg6 70. Rg5+ Kf6 71. Ng4+ Kf7 72. Rf5+ Kg6 73. Rg5+ Kf7 74. Rf5+ Kg6 75. Rg5+ Kf7 76. Rf5+ Kg6 1/2-1/2

[Event "Klaipeda Sea op-A 15th"]
[Site "Klaipeda"]
[Date "2018.07.27"]
[Round "5"]
[White "Kozhakin, Michail"]
[Black "Jadenkus, Henrikas"]
[Result "1/2-1/2"]
[WhiteElo "1283"]
[BlackElo "1956"]
[PlyCount "62"]
[EventDate "2018.07.23"]
[EventType "swiss"]
[EventRounds "7"]
[EventCountry "LTU"]
[SourceTitle "CBM 186 Extra"]
[Source "ChessBase"]
[SourceDate "2018.08.24"]
[SourceVersion "1"]
[SourceVersionDate "2018.08.24"]
[SourceQuality "1"]

1. c4 f5 2. Nc3 Nf6 3. Nf3 g6 4. b3 Bg7 5. Bb2 0-0 6. g3 d6 7. Bg2 e5 8. e3 e4 9. Nd4 c5 10. Nc2 Nc6 11. 0-0 Ne5 12. Ne1 d5 13. d3 dxc4 14. dxc4 Qe7 15. Qe2 Rd8 16. Rd1 Rxd1 17. Qxd1 Be6 18. Qa1 Bf7 19. Na4 Ne8 20. Nc2 Rd8 21. f4 exf3 22. Bxf3 Nxf3+ 23. Rxf3 Bh6 24. Qe1 b5 25. cxb5 Rd5 26. Rf4 Bxf4 27. exf4 Qxe1+ 28. Nxe1 c4 29. b4 Nd6 30. Nc3 Nxb5 31. Nxd5 Bxd5 1/2-1/2

[Event "Klaipeda Sea op-A 15th"]
[Site "Klaipeda"]
[Date "2018.07.23"]
[Round "1"]
[White "Kozhakin, Michail"]
[Black "Vaitonis, Vytautas"]
[Result "0-1"]
[WhiteElo "1283"]
[BlackElo "1830"]
[PlyCount "58"]
[EventDate "2018.07.23"]
[EventType "swiss"]
[EventRounds "7"]
[EventCountry "LTU"]
[SourceTitle "CBM 186 Extra"]
[Source "ChessBase"]
[SourceDate "2018.08.24"]
[SourceVersion "1"]
[SourceVersionDate "2018.08.24"]
[SourceQuality "1"]

1. c4 e6 2. Nc3 d5 3. cxd5 exd5 4. d4 Nf6 5. Bg5 c6 6. Nf3 h6 7. Bh4 Be7 8. e3 0-0 9. Bd3 Nbd7 10. 0-0 Ne4 11. Bg3 Nxg3 12. hxg3 Bd6 13. Rc1 Nf6 14. Qc2 Re8 15. a3 Qe7 16. Rfe1 Ne4 17. Bxe4 dxe4 18. Nd2 Bf5 19. Nc4 Rad8 20. Nxd6 Rxd6 21. Na4 b6 22. b4 h5 23. Qe2 Bg4 24. Qc4 b5 25. Qc2 bxa4 26. Qxa4 h4 27. Rc5 h3 28. Re5 Re6 29. Rxe6 Qxe6 0-1

[Event "Vilnius Boksto op"]
[Site "Vilnius"]
[Date "2018.05.06"]
[Round "7"]
[White "Barsciauskas, Gintautas"]
[Black "Kozhakin, Michail"]
[Result "1-0"]
[WhiteElo "1634"]
[BlackElo "1288"]
[PlyCount "73"]
[EventDate "2018.04.08"]
[EventType "swiss"]
[EventRounds "7"]
[EventCountry "LTU"]
[SourceTitle "CBM 184 Extra"]
[Source "ChessBase"]
[SourceDate "2018.06.28"]
[SourceVersion "1"]
[SourceVersionDate "2018.06.28"]
[SourceQuality "1"]

1. d4 d5 2. Bf4 Nf6 3. Nc3 Bf5 4. e3 e6 5. Nf3 c5 6. Ne5 a6 7. Be2 Nbd7 8. g4 Bg6 9. h4 Nxe5 10. dxe5 d4 11. exf6 dxc3 12. Be5 cxb2 13. Bxb2 Qxd1+ 14. Bxd1 Rg8 15. f3 h6 16. e4 gxf6 17. Bxf6 Bg7 18. g5 Bxf6 19. gxf6 Bh5 20. Kf2 Rd8 21. Re1 e5 22. c4 b5 23. Rb1 b4 24. Ba4+ Kf8 25. Rbd1 Rd4 26. Rxd4 exd4 27. Bc6 Rg6 28. e5 Kg8 29. Be4 Kh7 30. Bxg6+ Bxg6 31. Ke2 Kg8 32. Kd2 Kf8 33. e6 fxe6 34. Rxe6 Bf7 35. Rxa6 Bxc4 36. Rc6 Bxa2 37. Rxc5 1-0

[Event "Vilnius Boksto op"]
[Site "Vilnius"]
[Date "2018.04.08"]
[Round "1"]
[White "Kozhakin, Michail"]
[Black "Zirnovas, Martynas"]
[Result "0-1"]
[WhiteElo "1288"]
[BlackElo "1856"]
[PlyCount "54"]
[EventDate "2018.04.08"]
[EventType "swiss"]
[EventRounds "7"]
[EventCountry "LTU"]
[SourceTitle "CBM 184 Extra"]
[Source "ChessBase"]
[SourceDate "2018.06.28"]
[SourceVersion "1"]
[SourceVersionDate "2018.06.28"]
[SourceQuality "1"]

1. d4 Nf6 2. c4 g6 3. Nc3 Bg7 4. Nf3 0-0 5. Bf4 c5 6. e3 Qa5 7. Be2 Ne4 8. Qc2 d5 9. 0-0 Nxc3 10. bxc3 Bf5 11. Qb3 dxc4 12. Bxc4 Nd7 13. Rfd1 Nb6 14. Be2 Rac8 15. Rac1 Rfd8 16. Ng5 c4 17. Qb2 h6 18. Nf3 Nd5 19. Be5 f6 20. Bg3 g5 21. Nd2 Nb6 22. a3 Na4 23. Qb4 Qxb4 24. cxb4 b5 25. Bf3 e5 26. dxe5 Nb2 27. exf6 Bxf6 0-1

[Event "Klaipeda New Year"]
[Site "Klaipeda"]
[Date "2017.12.30"]
[Round "5.6"]
[White "Januseviciute, Donata"]
[Black "Kozhakin, Michail"]
[Result "0-1"]
[WhiteElo "1618"]
[BlackElo "1263"]
[PlyCount "99"]
[EventDate "2017.12.26"]
[EventType "swiss"]
[EventRounds "5"]
[EventCountry "LTU"]
[SourceTitle "EXT 2024"]
[Source "ChessBase"]
[SourceDate "2023.10.10"]
[SourceVersion "1"]
[SourceVersionDate "2023.10.10"]
[SourceQuality "1"]

1. d4 Nf6 2. c4 e6 3. Nf3 c6 4. Nc3 d5 5. e3 Bd6 6. a3 a5 7. Qc2 Qc7 8. h3 Nbd7 9. Bd3 b6 10. 0-0 Ba6 11. cxd5 Bxd3 12. Qxd3 Nxd5 13. e4 Nxc3 14. bxc3 c5 15. Qb5 0-0 16. Be3 Rfd8 17. Nd2 cxd4 18. cxd4 Rac8 19. Nb3 Qb8 20. a4 Bf4 21. Rac1 Rxc1 22. Rxc1 Bxe3 23. fxe3 Qg3 24. Qe2 Nf6 25. Qf3 Qb8 26. e5 Nd5 27. Rf1 Qc7 28. Rc1 Qd7 29. Ra1 Qc6 30. e4 Nb4 31. Qe2 Qc3 32. Qd1 Qe3+ 33. Kh2 Qxe4 34. Rc1 Nd3 35. Rc2 Qf4+ 36. Kg1 Nb4 37. Rc3 Qxe5 38. Qf3 Qd5 39. Qf4 Qd6 40. Qf2 h6 41. Qe2 Nd5 42. Rc2 Qb4 43. Qc4 Qe1+ 44. Kh2 Qb4 45. Kg3 Qd6+ 46. Kf2 Qf4+ 47. Kg1 Ne3 48. Rf2 Nxc4 49. Rxf4 Ne3 50. Rf3 0-1

[Event "Klaipeda New Year"]
[Site "Klaipeda"]
[Date "2017.12.29"]
[Round "4.10"]
[White "Kozhakin, Michail"]
[Black "Lukosiunas, Vakaris"]
[Result "1-0"]
[WhiteElo "1263"]
[BlackElo "1017"]
[PlyCount "71"]
[EventDate "2017.12.26"]
[EventType "swiss"]
[EventRounds "5"]
[EventCountry "LTU"]
[SourceTitle "EXT 2024"]
[Source "ChessBase"]
[SourceDate "2023.10.10"]
[SourceVersion "1"]
[SourceVersionDate "2023.10.10"]
[SourceQuality "1"]

1. c4 e5 2. Nc3 Nc6 3. g3 Nf6 4. Bg2 Bb4 5. e3 d6 6. a3 Ba5 7. b4 Bb6 8. Bb2 Be6 9. d3 Qd7 10. Nge2 0-0-0 11. b5 Ne7 12. a4 Ba5 13. Qb3 d5 14. 0-0 dxc4 15. dxc4 Qd3 16. Qa3 Qxe2 17. Nxe2 Bxc4 18. Rfc1 Bxe2 19. Qxe7 Rd7 20. Qc5 Bb6 21. Qxe5 Re8 22. Qf4 Nd5 23. Qf5 g6 24. Qc2 Bg4 25. Bxd5 Rxd5 26. Qb3 Be6 27. Qc3 Rc5 28. Qa3 Rd5 29. a5 Bc5 30. Rxc5 Rxc5 31. Qxc5 b6 32. axb6 axb6 33. Ra8+ Kd7 34. Qd4+ Ke7 35. Qf6+ Kd7 36. Rxe8 1-0

[Event "Klaipeda-ch sf"]
[Site "Klaipeda"]
[Date "2017.10.15"]
[Round "7"]
[White "Borisovaite, Ana"]
[Black "Kozhakin, Michail"]
[Result "1-0"]
[WhiteElo "1400"]
[BlackElo "1302"]
[PlyCount "111"]
[EventDate "2017.09.17"]
[EventType "swiss"]
[EventRounds "9"]
[EventCountry "LTU"]
[SourceTitle "EXT 2019"]
[Source "ChessBase"]
[SourceDate "2018.10.10"]
[SourceVersion "1"]
[SourceVersionDate "2018.10.10"]
[SourceQuality "1"]

1. e4 c6 2. d4 d5 3. Nc3 dxe4 4. Nxe4 Bf5 5. Ng3 Bg6 6. h4 h6 7. Nf3 Nf6 8. Bd3 Bxd3 9. Qxd3 e6 10. Bd2 Bd6 11. Ne4 Nxe4 12. Qxe4 Nd7 13. Qg4 Qf6 14. 0-0-0 Rc8 15. Qe4 b5 16. g4 c5 17. g5 Qg6 18. Qxg6 fxg6 19. Rde1 Kf7 20. dxc5 Nxc5 21. Kb1 Rce8 22. Ne5+ Bxe5 23. Rxe5 Rc8 24. Be3 Nd7 25. Rxb5 a6 26. Rb7 Ke7 27. Rd1 Rhd8 28. Bb6 hxg5 29. Bxd8+ Rxd8 30. hxg5 Ke8 31. Rd6 Ke7 32. Rxa6 Kf8 33. Rd6 Ke7 34. Rdxd7+ Rxd7 35. Rxd7+ Kxd7 36. c4 Kc6 37. Kc2 Kc5 38. Kc3 e5 39. b4+ Kb6 40. a4 Kc6 41. c5 Kb7 42. b5 Kc7 43. a5 Kb7 44. b6 Kc6 45. a6 Kxc5 46. a7 Kxb6 47. a8Q Kc5 48. Qe4 Kd6 49. Kc4 Ke6 50. f4 Kf7 51. Qxe5 Kg8 52. Kd5 Kf7 53. Kd6 Kg8 54. Ke7 Kh7 55. Kf7 Kh8 56. Qxg7# 1-0

[Event "Klaipeda-ch sf"]
[Site "Klaipeda"]
[Date "2017.10.08"]
[Round "6"]
[White "Kozhakin, Michail"]
[Black "Gluchaciov, Nikolaj"]
[Result "0-1"]
[WhiteElo "1302"]
[BlackElo "1764"]
[PlyCount "154"]
[EventDate "2017.09.17"]
[EventType "swiss"]
[EventRounds "9"]
[EventCountry "LTU"]
[SourceTitle "EXT 2019"]
[Source "ChessBase"]
[SourceDate "2018.10.10"]
[SourceVersion "1"]
[SourceVersionDate "2018.10.10"]
[SourceQuality "1"]

1. e4 d6 2. d4 Nf6 3. Nc3 g6 4. Be3 Ng4 5. Bf4 Bg7 6. Be2 e5 7. Bxg4 exf4 8. Bxc8 Qxc8 9. Qd2 0-0 10. 0-0-0 f5 11. Nd5 Nc6 12. Qxf4 fxe4 13. Qxe4 Rxf2 14. Nh3 Rf8 15. Rhe1 Qd7 16. c3 Rae8 17. Qh4 h5 18. Rxe8 Qxe8 19. Re1 Qf7 20. Ne7+ Nxe7 21. Qxe7 Bh6+ 22. Kb1 Qf5+ 23. Ka1 Bd2 24. Rb1 Rf7 25. Qe2 Bh6 26. a3 Qg4 27. Qc2 d5 28. Re1 c6 29. Ka2 Bf8 30. Ng1 Bd6 31. h3 Qg3 32. Re6 Kg7 33. Nf3 Rf6 34. Rxf6 Kxf6 35. Qe2 g5 36. Qf1 Qf4 37. Qe2 g4 38. hxg4 hxg4 39. Ne5 Kf5 40. Nd3 Qe4 41. Qf2+ Kg5 42. Qd2+ Bf4 43. Nxf4 Qxf4 44. Qe2 Qe4 45. Qd2+ Kh4 46. Qf2+ g3 47. Qf6+ Kg4 48. Qg7+ Kf4 49. Qh6+ Kg4 50. Qg7+ Kh4 51. Qh6+ Kg4 52. Qg7+ Kf4 53. Qh6+ Kf5 54. Qh7+ Kf6 55. Qh6+ Kf7 56. Qh5+ Qg6 57. Qe5 Qg4 58. Qc7+ Kf6 59. Qe5+ Kg6 60. Qe8+ Kg5 61. Qe7+ Kh6 62. Qf6+ Qg6 63. Qh4+ Kg7 64. Qe7+ Qf7 65. Qe5+ Kh6 66. Qxg3 Kh5 67. Kb3 Qf1 68. Qf3+ Qxf3 69. gxf3 Kg5 70. Kb4 b6 71. a4 Kf4 72. c4 Kxf3 73. cxd5 cxd5 74. Kb3 Ke4 75. Kc3 Ke3 76. b3 Ke4 77. Kc2 Kxd4 0-1

[Event "Klaipeda-ch sf"]
[Site "Klaipeda"]
[Date "2017.10.07"]
[Round "5"]
[White "Ionin, Ilja"]
[Black "Kozhakin, Michail"]
[Result "1/2-1/2"]
[WhiteElo "1288"]
[BlackElo "1302"]
[PlyCount "133"]
[EventDate "2017.09.17"]
[EventType "swiss"]
[EventRounds "9"]
[EventCountry "LTU"]
[SourceTitle "EXT 2019"]
[Source "ChessBase"]
[SourceDate "2018.10.10"]
[SourceVersion "1"]
[SourceVersionDate "2018.10.10"]
[SourceQuality "1"]

1. c4 e5 2. g3 Nf6 3. Bg2 Nc6 4. Nc3 Bc5 5. d3 0-0 6. Bg5 h6 7. Bxf6 Qxf6 8. Ne4 Bb4+ 9. Nd2 Nd4 10. Ngf3 Nxf3+ 11. Bxf3 c6 12. a3 Ba5 13. b4 Bc7 14. Ne4 Qe6 15. 0-0 d5 16. Nc5 Qd6 17. cxd5 cxd5 18. Qb3 d4 19. Nxb7 Bxb7 20. Bxb7 Rab8 21. Bd5 Qd7 22. Rac1 a5 23. Qc4 Rfc8 24. Bc6 Qd6 25. Rb1 Bd8 26. Rfc1 Bg5 27. Rc2 Rb6 28. b5 Qxa3 29. Qc5 Qxc5 30. Rxc5 Be7 31. Rxe5 Rcxc6 32. Rxe7 Rc5 33. Re8+ Kh7 34. Rd8 Rbxb5 35. Rxb5 Rxb5 36. Rxd4 Rb4 37. Rd7 f6 38. Ra7 Rb2 39. Kf1 Rb1+ 40. Kg2 Ra1 41. Kf3 f5 42. Kf4 Ra2 43. Re7 Kg6 44. Re6+ Kf7 45. Re5 g6 46. Ke3 Kf6 47. Kd4 Ra4+ 48. Kd5 Rb4 49. Re6+ Kf7 50. f4 Rb5+ 51. Kc6 Rb2 52. Re5 a4 53. Kd6 Rb6+ 54. Kc5 Ra6 55. Kb5 Ra8 56. Rc5 a3 57. Rc1 a2 58. Ra1 Rb8+ 59. Kc4 Rb2 60. e4 fxe4 61. dxe4 Rxh2 62. Kd5 Rd2+ 63. Kc6 Ke6 64. e5 g5 65. Kc5 gxf4 66. gxf4 Rf2 67. Rh1 1/2-1/2

[Event "Klaipeda-ch sf"]
[Site "Klaipeda"]
[Date "2017.09.24"]
[Round "3"]
[White "Buivydas, Skirmantas"]
[Black "Kozhakin, Michail"]
[Result "1-0"]
[WhiteElo "1795"]
[BlackElo "1302"]
[PlyCount "59"]
[EventDate "2017.09.17"]
[EventType "swiss"]
[EventRounds "9"]
[EventCountry "LTU"]
[SourceTitle "EXT 2019"]
[Source "ChessBase"]
[SourceDate "2018.10.10"]
[SourceVersion "1"]
[SourceVersionDate "2018.10.10"]
[SourceQuality "1"]

1. Nf3 d5 2. b3 Bf5 3. Bb2 e6 4. e3 Nf6 5. d4 c5 6. Bd3 Bg6 7. 0-0 Bd6 8. c4 0-0 9. Nc3 dxc4 10. Bxc4 Qc7 11. Nb5 Qc6 12. Nxd6 Qxd6 13. Ba3 Nc6 14. Bxc5 Qc7 15. Bxf8 Rxf8 16. Nh4 Bh5 17. Be2 Bxe2 18. Qxe2 Qd6 19. Nf3 Nd5 20. Rac1 Qa3 21. Qb5 Nb6 22. Rc2 Qd6 23. Qc5 Qd7 24. Ne5 Nxe5 25. Qxe5 Rc8 26. Rfc1 Rxc2 27. Rxc2 h6 28. Qc7 Qd5 29. Qb8+ Kh7 30. Qxa7 1-0

[Event "Vilnius Boksto op"]
[Site "Vilnius"]
[Date "2017.05.28"]
[Round "8"]
[White "Kozhakin, Michail"]
[Black "Ionin, Ilja"]
[Result "1-0"]
[WhiteElo "1258"]
[BlackElo "1295"]
[PlyCount "49"]
[EventDate "2017.04.30"]
[EventType "swiss"]
[EventRounds "8"]
[EventCountry "LTU"]
[SourceTitle "CBM 178 Extra"]
[Source "ChessBase"]
[SourceDate "2017.06.22"]
[SourceVersion "1"]
[SourceVersionDate "2017.06.22"]
[SourceQuality "1"]

1. c4 e5 2. Nc3 Bc5 3. g3 Nf6 4. Bg2 d6 5. e3 Bg4 6. Nge2 c6 7. 0-0 Qd7 8. Re1 Qe6 9. b3 0-0 10. Bb2 d5 11. cxd5 cxd5 12. Qc2 e4 13. Nf4 Qd7 14. d3 exd3 15. Qxd3 Bf5 16. Qd1 d4 17. exd4 Bxd4 18. Nfe2 Rd8 19. Nxd4 Qc8 20. Nxf5 Rxd1 21. Ne7+ Kf8 22. Nxc8 Rxe1+ 23. Rxe1 Nc6 24. Bxc6 bxc6 25. Nd6 1-0

[Event "Vilnius Boksto op"]
[Site "Vilnius"]
[Date "2017.05.14"]
[Round "5"]
[White "Kozhakin, Michail"]
[Black "Zirnovas, Martynas"]
[Result "0-1"]
[WhiteElo "1258"]
[BlackElo "1845"]
[PlyCount "68"]
[EventDate "2017.04.30"]
[EventType "swiss"]
[EventRounds "8"]
[EventCountry "LTU"]
[SourceTitle "CBM 178 Extra"]
[Source "ChessBase"]
[SourceDate "2017.06.22"]
[SourceVersion "1"]
[SourceVersionDate "2017.06.22"]
[SourceQuality "1"]

1. d4 Nf6 2. c4 g6 3. Nc3 Bg7 4. Bf4 0-0 5. e3 d6 6. Nf3 Nh5 7. Bg3 c5 8. Be2 Bg4 9. dxc5 Qa5 10. cxd6 Bxc3+ 11. bxc3 Qxc3+ 12. Kf1 Nxg3+ 13. hxg3 exd6 14. Rc1 Qf6 15. Qd5 Nc6 16. Ng5 Bxe2+ 17. Kxe2 Ne7 18. Qa5 h5 19. Ne4 Qe6 20. Ng5 Qg4+ 21. Nf3 Rfc8 22. Rh4 Qd7 23. Rch1 Rc5 24. Qc3 Nf5 25. R4h2 Rac8 26. Nd2 d5 27. Qd3 Nh6 28. Ne4 Qg4+ 29. f3 dxe4 30. Qd6 exf3+ 31. gxf3 Qxc4+ 32. Kf2 Qxa2+ 33. Kg1 Rc1+ 34. Qd1 Rxd1# 0-1

[Event "LTU-ch U12"]
[Site "Kaunas"]
[Date "2017.04.09"]
[Round "7"]
[White "Kozhakin, Michail"]
[Black "Pucius, Benas"]
[Result "1/2-1/2"]
[WhiteElo "1258"]
[BlackElo "1242"]
[PlyCount "110"]
[EventDate "2017.04.05"]
[EventType "swiss"]
[EventRounds "8"]
[EventCountry "LTU"]
[SourceTitle "CBM 177 Extra"]
[Source "ChessBase"]
[SourceDate "2017.04.27"]
[SourceVersion "1"]
[SourceVersionDate "2017.04.27"]
[SourceQuality "1"]

1. d4 d5 2. c4 e6 3. Nc3 Nf6 4. cxd5 exd5 5. Nf3 Bf5 6. Bf4 c6 7. e3 Nbd7 8. Be2 Be7 9. 0-0 0-0 10. Rc1 Re8 11. Bd3 Bxd3 12. Qxd3 Nb6 13. Ne5 Nbd7 14. Rfd1 Nxe5 15. Bxe5 Bd6 16. Bg3 Bxg3 17. hxg3 Ne4 18. Nxe4 Rxe4 19. Qb3 Qb6 20. Qc3 Rd8 21. b4 Re6 22. Qc5 Qxc5 23. bxc5 h6 24. Rb1 Re7 25. Rb2 Rb8 26. Rdb1 Kf8 27. a4 Ke8 28. a5 a6 29. Rb6 Rc7 30. Rxa6 Kd8 31. Rab6 Kc8 32. a6 g6 33. axb7+ Rbxb7 34. f3 Kb8 35. Rxb7+ Rxb7 36. Rxb7+ Kxb7 37. Kf2 Kc7 38. f4 Kd7 39. Kf3 Ke6 40. g4 f5 41. gxf5+ gxf5 42. g4 Kf6 43. Kg3 fxg4 44. Kxg4 Kg6 45. Kh4 h5 46. Kg3 Kf6 47. Kf3 Kf5 48. Kg2 Ke6 49. Kf3 Kf5 50. Kf2 Ke6 51. Kg2 Kf6 52. Kf2 Ke6 53. Kf3 Kf5 54. Kg3 Kf6 55. Kh4 Kg6 1/2-1/2

[Event "LTU-chT"]
[Site "Lithuania"]
[Date "2017.02.18"]
[Round "3.10"]
[White "Kozhakin, Michail"]
[Black "Vilkys, Benediktas"]
[Result "1/2-1/2"]
[WhiteElo "1194"]
[BlackElo "1353"]
[PlyCount "70"]
[EventDate "2017.01.28"]
[EventType "team-swiss"]
[EventRounds "7"]
[EventCountry "LTU"]
[SourceTitle "CBM 176 Extra"]
[Source "ChessBase"]
[SourceDate "2017.03.02"]
[SourceVersion "1"]
[SourceVersionDate "2017.03.02"]
[SourceQuality "1"]
[WhiteTeam "Klaipeda II"]
[BlackTeam "Marijampole Suduva"]
[WhiteTeamCountry "LTU"]
[BlackTeamCountry "LTU"]

1. c4 c6 2. Nc3 d5 3. cxd5 cxd5 4. d4 Nf6 5. Bf4 e6 6. e3 Qa5 7. h3 Ne4 8. Nge2 Bb4 9. Qc2 Bd7 10. Qc1 0-0 11. g4 Rc8 12. Bg2 Nxc3 13. Nxc3 Bxc3+ 14. bxc3 Qxc3+ 15. Qxc3 Rxc3 16. Rb1 b6 17. 0-0 Na6 18. Rfc1 Rxc1+ 19. Rxc1 Rc8 20. Rxc8+ Bxc8 21. a3 Bd7 22. Kf1 b5 23. Bd6 g6 24. Ke1 f5 25. gxf5 gxf5 26. Kd2 Kf7 27. Kc3 Ke8 28. Bf3 Kd8 29. Be2 Nc7 30. Kb4 a6 31. Ka5 Bc8 32. Kb6 Ne8 33. Bb4 Kd7 34. Bh5 Nf6 35. Bf3 Ne8 1/2-1/2

[Event "Kaunas Naujametinis U16 op 46th"]
[Site "Kaunas"]
[Date "2017.01.03"]
[Round "4"]
[White "Motuza, Nedas"]
[Black "Kozhakin, Michail"]
[Result "1/2-1/2"]
[WhiteElo "1380"]
[BlackElo "1194"]
[PlyCount "75"]
[EventDate "2017.01.02"]
[EventType "swiss"]
[EventRounds "6"]
[EventCountry "LTU"]
[SourceTitle "CBM 176 Extra"]
[Source "ChessBase"]
[SourceDate "2017.03.02"]
[SourceVersion "1"]
[SourceVersionDate "2017.03.02"]
[SourceQuality "1"]

1. d4 e6 2. c4 d5 3. Nc3 c6 4. cxd5 cxd5 5. Bf4 Nf6 6. h3 Be7 7. e3 Nc6 8. Bb5 0-0 9. Nf3 a6 10. Bxc6 bxc6 11. 0-0 c5 12. dxc5 Bxc5 13. Rc1 Bd6 14. Bxd6 Qxd6 15. e4 Qd8 16. exd5 Nxd5 17. Nxd5 Qxd5 18. Qxd5 exd5 19. Rfe1 Bf5 20. Re7 Rac8 21. Rcc7 Rxc7 22. Rxc7 Rb8 23. Rc5 g6 24. Rxd5 Rxb2 25. Rd2 Rxd2 26. Nxd2 Kg7 27. Kf1 Bd3+ 28. Ke1 Kf6 29. Nf3 Bc4 30. a3 h6 31. Kd2 Bf1 32. Ne1 Ke6 33. Ke3 Kd5 34. Kd2 f6 35. Nc2 Bb5 36. Ne3+ Ke4 37. h4 h5 38. g3 1/2-1/2

[Event "Klaipeda Sea op-B 13th"]
[Site "Klaipeda"]
[Date "2016.07.31"]
[Round "7"]
[White "Boyajyan, David"]
[Black "Kozhakin, Michail"]
[Result "1-0"]
[WhiteElo "1449"]
[BlackElo "1125"]
[PlyCount "46"]
[EventDate "2016.07.25"]
[EventType "swiss"]
[EventRounds "7"]
[EventCountry "LTU"]
[SourceTitle "EXT 2018"]
[Source "ChessBase"]
[SourceDate "2017.10.13"]
[SourceVersion "1"]
[SourceVersionDate "2017.10.13"]
[SourceQuality "1"]

1. d4 d5 2. c4 e6 3. Nc3 Nf6 4. cxd5 Nxd5 5. e4 Nxc3 6. bxc3 c5 7. Nf3 cxd4 8. Qxd4 Nc6 9. Qxd8+ Nxd8 10. Bb5+ Nc6 11. Ne5 Bd7 12. Nxd7 Kxd7 13. 0-0 Rd8 14. Rd1+ Kc8 15. Rxd8+ Kxd8 16. Be3 a6 17. Rd1+ Kc8 18. Bxc6 bxc6 19. Rb1 Be7 20. Rb6 Kc7 21. Rxa6 Rd8 22. Bb6+ Kb7 23. Bxd8 Bxd8 1-0